Centros y periferias en la circulación internacional del conocimiento /
Gespeichert in:
| 1. Verfasser: | |
|---|---|
| Format: | Text |
| Tags: |
Tag hinzufügen
Keine Tags, Fügen Sie den ersten Tag hinzu!
|
MARC
| LEADER | 00000 a a2200000 04500 | ||
|---|---|---|---|
| 001 | 45741 | ||
| 003 | |||
| 040 | |||
| 100 | |a Beigel, Fernanda | ||
| 245 | |a Centros y periferias en la circulación internacional del conocimiento / |c Fernanda Beigel | ||
| 773 | |g número245 ( , 2013), págianas 110-123: tablas, gráficos | ||
| 999 | |c 26085 |d 26085 | ||
